00486 2200181 4500001002100000005001500021035002000036008004100056245004700097100001800144250001000162260003100172300003100203020002200234082001000256650002200266084001600288INLIS00000000000062120210911120729 a0010-0921000022210911 0 ind 1 aSejarah Indonesia Kelas X /cRatna Hapsari aRatna Hapsari aed 1. aJakarta :bErlangga,c2018 aviii, 493 Halaman ;c25 Cm a978-602-434-443-6 a959.8 4aSejarah Indonesia a959.8 RAT s